Реализация электронного документооборота и асинхронно взаимодействующих процессов в ВРМ-приложении; Научная инициатива иностранных студентов и аспирантов российских вузов

Bibliografiske detaljer
Parent link:Научная инициатива иностранных студентов и аспирантов российских вузов.— 2009.— С. 42-48
Hovedforfatter: Ву Тхи Тхань Чук
Andre forfattere: Озерова И. Г. Ирина Геннадьевна (научный руководитель), Озерова И. Г.
Sprog:russisk
Udgivet: 2009
Fag:
Format: MixedMaterials Book Chapter
KOHA link:https://koha.lib.tpu.ru/cgi-bin/koha/opac-detail.pl?biblionumber=173929

MARC

LEADER 00000naa2a2200000 4500
001 173929
005 20231101223128.0
035 |a (RuTPU)RU\TPU\book\188619 
090 |a 173929 
100 |a 20100112d2009 k y0rusy50 ca 
101 0 |a rus 
102 |a RU 
200 1 |a Реализация электронного документооборота и асинхронно взаимодействующих процессов в ВРМ-приложении  |f Ву Тхи Тхань Чук, И. Г. Озерова  |g науч. рук. И. Г. Озерова 
320 |a Библиогр.: 3 назв. 
463 0 |0 (RuTPU)RU\TPU\book\182746  |t Научная инициатива иностранных студентов и аспирантов российских вузов  |o II Всероссийская научно-практическая конференция, Томск, 21-22 мая 2009 г.   |o сборник докладов  |f Ассоциация иностранных студентов в России (АИС); Томский политехнический университет (ТПУ), Институт международного образования и языковой коммуникации (ИМОиЯК)  |v С. 42-48  |d 2009  |p 565 с. 
610 1 |a электронный документооборот 
610 1 |a асинхронные процессы 
610 1 |a приложения 
610 1 |a бизнес-процессы 
610 1 |a оптимизация 
610 1 |a жизненный цикл 
610 1 |a труды учёных ТПУ 
700 0 |a Ву Тхи Тхань Чук 
701 1 |a Озерова  |b И. Г.  |c доцент  |c кафедра автоматики и компьютерных систем Томского политехнического университета  |g Ирина Геннадьевна  |2 stltpush  |3 (RuTPU)RU\TPU\pers\25330  |9 11312 
702 1 |a Озерова  |b И. Г.  |4 727 
801 1 |a RU  |b 63413507  |c 20100112 
942 |c BK